Najgorsze Państwa Świata - Statystyki

Ogólne statystyki
  • Ten quiz został rozwiązany 35 razy
  • Średni wynik to 10 z 20
Statystyki odpowiedzi
Hint Odpowiedź % Poprawnych
Azja Korea Północna
74%
Afryka Sudan Południowy
71%
Europa Ukraina
68%
Afryka Erytrea
65%
Ameryka Południowa Wenezuela
65%
Azja Syria
61%
Afryka Demokratyczna Republika Konga
55%
Europa Kosowo
55%
Europa Mołdawia
55%
Afryka Somalia
55%
Azja Pakistan
45%
Azja Izrael
42%
Oceania Papua Nowa Gwinea
42%
Ameryka Południowa Surinam
42%
Azja Turkmenistan
42%
Azja Indie
39%
Ameryka Północna Salwador
39%
Afryka Burundi
29%
Ameryka Północna Gwatemala
26%
Afryka Republika Środkowej Afryki
3%
Nie znaleziono quizów pasujących do podanych kryteriów
Rozkład punktacji
Procent ludzi z każdym wynikiem
Percentyl według liczby udzielonych odpowiedzi
Twoja historia wyników
Nie rozwiązałeś tego quizu